[Event "SWE-chT 1920 Superettan"]
[Site "Sweden"]
[Date "2020.10.17"]
[Round "8"]
[White "Rahul, Kumar Pune"]
[Black "Carlfors, Viktor"]
[Result "0-1"]
[WhiteElo "2151"]
[BlackElo "1828"]
[PlyCount "80"]
[EventDate "2019.10.18"]
[EventType "team-tourn"]
[EventRounds "9"]
[EventCountry "SWE"]
[SourceTitle "EXT 2023"]
[Source "ChessBase"]
[SourceDate "2022.10.05"]
[SourceVersion "1"]
[SourceVersionDate "2022.10.05"]
[SourceQuality "1"]
[WhiteTeam "Orgryte"]
[BlackTeam "Upsala"]
[WhiteTeamCountry "SWE"]
[BlackTeamCountry "SWE"]

1. d4 d5 2. Bf4 Nf6 3. e3 c5 4. c3 Nc6 5. Nd2 cxd4 6. exd4 Bf5 7. Qb3 Qc8 8. Ngf3 e6 9. h3 h6 10. a4 Be7 11. a5 a6 12. Be2 0-0 13. 0-0 Bd8 14. Bd6 Re8 15. Ne5 Nxa5 16. Qa4 b5 17. Qa2 Nc4 18. Ndxc4 bxc4 19. b3 Ne4 20. Bb4 a5 21. bxc4 Bf6 22. f3 Ng3 23. Bd6 Nxf1 24. Bxf1 dxc4 25. Nxc4 Qc6 26. Qa3 a4 27. Ra2 Rec8 28. Rb2 Bd8 29. Bb4 Bc7 30. Qa1 Bh7 31. Ra2 Qd5 32. Nd2 Qg5 33. Nc4 Qg3 34. Nb2 Bf5 35. Rxa4 Rxa4 36. Qxa4 Bf4 37. Nd1 Bxh3 38. c4 Rxc4 39. Qe8+ Kh7 40. Bd3+ f5 0-1

[Event "SWE-chT 1920 Superettan"]
[Site "Sweden"]
[Date "2020.10.16"]
[Round "7"]
[White "Carlfors, Viktor"]
[Black "Rasti, Arvin"]
[Result "0-1"]
[WhiteElo "1828"]
[BlackElo "2182"]
[PlyCount "100"]
[EventDate "2019.10.18"]
[EventType "team-tourn"]
[EventRounds "9"]
[EventCountry "SWE"]
[SourceTitle "EXT 2023"]
[Source "ChessBase"]
[SourceDate "2022.10.05"]
[SourceVersion "1"]
[SourceVersionDate "2022.10.05"]
[SourceQuality "1"]
[WhiteTeam "Upsala"]
[BlackTeam "Pelaro Alingsas"]
[WhiteTeamCountry "SWE"]
[BlackTeamCountry "SWE"]

1. d4 Nf6 2. Nf3 c5 3. d5 d6 4. Nc3 g6 5. e4 Bg7 6. Be2 0-0 7. 0-0 Na6 8. Nd2 Nc7 9. a4 b6 10. Nc4 Ba6 11. f4 Rb8 12. Bd2 Rb7 13. Kh1 Qb8 14. Ne3 Bxe2 15. Qxe2 Nd7 16. Nc4 Nf6 17. Nd1 Qd8 18. Bc3 e6 19. dxe6 fxe6 20. e5 dxe5 21. Bxe5 Ncd5 22. Nc3 Rd7 23. Ne4 Nxe4 24. Qxe4 Bxe5 25. Nxe5 Nf6 26. Qc4 Rd5 27. Rae1 Qd6 28. Re2 Rd4 29. Qa6 Rxf4 30. Rfe1 Ne4 31. Nf3 Ng5 32. Nd2 c4 33. h3 R8f7 34. c3 Qc6 35. Qb5 Qxb5 36. axb5 R7f5 37. Ne4 Nxe4 38. Rxe4 Rxe4 39. Rxe4 Rc5 40. Rxe6 Rxb5 41. Re4 Rxb2 42. Rxc4 a5 43. Rc7 a4 44. Ra7 b5 45. c4 bxc4 46. Rxa4 c3 47. Rc4 c2 48. Kh2 Kf7 49. Kg3 Ke6 50. Kf4 Rb4 0-1

[Event "Gothenburg op"]
[Site "Gothenburg"]
[Date "2019.08.16"]
[Round "4"]
[White "Carlfors, Viktor"]
[Black "Axelsson, Henrik"]
[Result "1-0"]
[WhiteElo "1820"]
[BlackElo "1984"]
[PlyCount "57"]
[EventDate "2019.08.16"]
[EventType "swiss"]
[EventRounds "8"]
[EventCountry "SWE"]
[SourceTitle "CBM 191 Extra"]
[Source "ChessBase"]
[SourceDate "2019.09.30"]
[SourceVersion "1"]
[SourceVersionDate "2019.09.30"]
[SourceQuality "1"]

1. d4 Nf6 2. Nf3 d5 3. Bf4 e6 4. e3 c5 5. c3 Nc6 6. Nbd2 Qb6 7. Qb3 c4 8. Qc2 a5 9. a4 Be7 10. h3 0-0 11. Be2 h6 12. 0-0 Ne8 13. e4 f5 14. exd5 exd5 15. Ne5 g5 16. Bh2 Rf6 17. Bf3 Be6 18. Rae1 Nxe5 19. Bxe5 Rg6 20. Bh5 Rg7 21. Bxg7 Nxg7 22. Bf3 Kf7 23. Re5 Kf6 24. Bxd5 Bxd5 25. Rxd5 Ne6 26. Qxf5+ Kg7 27. Nxc4 Qc6 28. Ne5 Nd8 29. Rxd8 1-0